U.S Landmarks Picture Quiz - Statistics

General Stats
  • This quiz has been taken 164 times
  • The average score is 12 of 18
Answer Stats
Picture Answer % Correct
Statue of Liberty
99%
Golden Gate Bridge
95%
White House
93%
Mount Rushmore
89%
Empire State Building
87%
Grand Canyon
87%
Times Square
79%
Space Needle
76%
Washington Monument
73%
Disney World
67%
Gateway Arch
63%
Alamo
60%
Willis Tower
56%
Old Faithful
51%
Alcatraz
44%
Denali
44%
Independence Hall
21%
U.S Capitol Building
10%
No matching quizzes found
Score Distribution
Percent of People with Each Score
Percentile by Number Answered
Your Score History
You have not taken this quiz